[Event "BL2-West 0910"]
[Site "Germany"]
[Date "2009.11.15"]
[Round "2.6"]
[White "Lisanti, Andre"]
[Black "Reinderman, Dimitri"]
[Result "0-1"]
[WhiteElo "2256"]
[BlackElo "2572"]
[PlyCount "80"]
[EventDate "2009.10.18"]
[EventType "team-tourn"]
[EventRounds "9"]
[EventCountry "GER"]
[SourceTitle "EXT 2011"]
[Source "ChessBase"]
[SourceDate "2010.11.26"]
[SourceVersion "1"]
[SourceVersionDate "2010.11.26"]
[SourceQuality "1"]
[WhiteTeam "Schott Mainz"]
[BlackTeam "Koeln Porz"]
[WhiteTeamCountry "GER"]
[BlackTeamCountry "GER"]

1. d4 f5 2. Bg5 g6 3. c3 Bg7 4. g3 h6 5. Be3 Nf6 6. Bg2 d6 7. Na3 c6 8. Qb3 a5 9. Nf3 a4 10. Qc2 0-0 11. Qc1 Kh7 12. h3 Be6 13. g4 Ne4 14. gxf5 gxf5 15. Qc2 Qe8 16. Nh4 d5 17. Bf3 Nd7 18. 0-0-0 Bf6 19. Ng2 Bf7 20. h4 e5 21. dxe5 Nxe5 22. Nf4 b5 23. Qb1 Qe7 24. Rh3 Rfb8 25. Bxe4 dxe4 26. Nc2 a3 27. b4 Ng4 28. Nd4 Nxe3 29. fxe3 Qe5 30. Kd2 c5 31. bxc5 Qxc5 32. Rc1 Ra4 33. Rc2 Rc4 34. Qb3 Rb7 35. Nde6 Qd6+ 36. Ke1 Bxe6 37. Rd2 Qc6 38. Kf2 Be5 39. Nh5 Bf7 40. Ng3 f4 0-1

[Event "BL2-Sued 0809"]
[Site "Germany"]
[Date "2009.03.29"]
[Round "9.1"]
[White "Lisanti, Andre"]
[Black "Mutschnik, Illya"]
[Result "1-0"]
[WhiteElo "2250"]
[BlackElo "2455"]
[PlyCount "129"]
[EventDate "2008.10.05"]
[EventType "team-tourn"]
[EventRounds "9"]
[EventCountry "GER"]
[SourceTitle "CBM 129 Extra"]
[Source "ChessBase"]
[SourceDate "2009.05.05"]
[SourceVersion "2"]
[SourceVersionDate "2009.05.20"]
[SourceQuality "1"]
[WhiteTeam "Schott Mainz"]
[BlackTeam "Baden-Baden II"]
[WhiteTeamCountry "GER"]
[BlackTeamCountry "GER"]

1. Nf3 Nf6 2. c4 g6 3. b3 Bg7 4. Bb2 0-0 5. g3 d6 6. Bg2 e5 7. 0-0 Re8 8. Nc3 Nbd7 9. Rc1 Nf8 10. Rc2 c6 11. Qa1 Ne6 12. d3 Bd7 13. Ne4 Nxe4 14. dxe4 Nc5 15. Ne1 f5 16. exf5 Bxf5 17. Rd2 Qe7 18. Qd1 Rad8 19. Ba3 Bh6 20. e3 e4 21. Nc2 Bg7 22. Nd4 Bc8 23. Qe2 h5 24. h3 Nd3 25. Rxd3 exd3 26. Qxd3 Qf6 27. Ne2 Be6 28. Nf4 Bf7 29. h4 Qc3 30. Qb1 Qa5 31. Bb2 Bxb2 32. Qxb2 Qe5 33. Qa3 a6 34. Rd1 Kg7 35. Qb4 Re7 36. Nd3 Qf6 37. Qa5 Ree8 38. Nf4 Be6 39. Qb4 Bc8 40. Bf3 Qe5 41. Qb6 Rd7 42. Qb4 Kh7 43. Qe1 Rf7 44. Qd2 Rf6 45. Qc2 Bf5 46. Qe2 Be4 47. Rd4 Bxf3 48. Qxf3 Re7 49. Qd1 b5 50. cxb5 axb5 51. a4 bxa4 52. bxa4 Rb7 53. Qc2 c5 54. Rd5 Qa1+ 55. Kg2 Qb1 56. Qc3 Qe4+ 57. f3 Qb1 58. Rd2 Rf8 59. Ne6 Rfb8 60. Qf6 Qf5 61. Ng5+ Kg8 62. Qxd6 Rb2 63. e4 Rxd2+ 64. Qxd2 Qe5 65. Qa2+ 1-0

[Event "BL2-Sued 0809"]
[Site "Germany"]
[Date "2009.03.01"]
[Round "7.1"]
[White "Lisanti, Andre"]
[Black "Rausis, Igors"]
[Result "0-1"]
[WhiteElo "2250"]
[BlackElo "2480"]
[PlyCount "146"]
[EventDate "2008.10.05"]
[EventType "team-tourn"]
[EventRounds "9"]
[EventCountry "GER"]
[SourceTitle "CBM 129 Extra"]
[Source "ChessBase"]
[SourceDate "2009.05.05"]
[SourceVersion "2"]
[SourceVersionDate "2009.05.20"]
[SourceQuality "1"]
[WhiteTeam "Schott Mainz"]
[BlackTeam "Schwegenheim"]
[WhiteTeamCountry "GER"]
[BlackTeamCountry "GER"]

1. d4 Nf6 2. c4 g6 3. Nc3 d5 4. cxd5 Nxd5 5. e4 Nxc3 6. bxc3 Bg7 7. Be3 c5 8. Rc1 Qa5 9. Qd2 cxd4 10. cxd4 Qxd2+ 11. Kxd2 0-0 12. Bb5 Rd8 13. Rc7 Bxd4 14. Bxd4 Rxd4+ 15. Ke3 Rd8 16. Rxe7 Bd7 17. Re5 Be6 18. Nf3 a6 19. Ba4 Nd7 20. Bxd7 Rxd7 21. Ra5 Rc8 22. Ra3 Rc2 23. Ra1 Rdc7 24. Nd4 Rb2 25. h4 Kg7 26. g3 Re7 27. f3 h6 28. Ra5 Bd7 29. Rc1 Be8 30. Rc3 h5 31. a3 Rg2 32. Kf4 Rd7 33. Rd3 Rb2 34. Re5 Kf8 35. Ke3 Rg2 36. Kf4 Rd6 37. Rd1 Ba4 38. Rd3 Bd7 39. Rc5 Rf6+ 40. Ke5 Kg7 41. Rc7 Be6 42. f4 Rb2 43. Rdc3 Bh3 44. Re7 b5 45. Rb7 Rb1 46. Rb8 Re1 47. Rc2 Bf5 48. Rg8+ Kxg8 49. Kxf6 Rxe4 50. Nxf5 Re6+ 51. Kg5 gxf5 52. Rc3 Kg7 53. Kxf5 Rg6 54. Ke5 a5 55. Kf5 Kh6 56. Rc5 Rb6 57. a4 b4 58. Rc2 Kg7 59. Kg5 b3 60. Rb2 Rg6+ 61. Kxh5 Rxg3 62. Rd2 Rg1 63. Rb2 Rg3 64. Rd2 Kf6 65. Rd6+ Kf5 66. Rd5+ Ke4 67. Rxa5 Kd3 68. Rb5 Kc2 69. a5 b2 70. a6 Rb3 71. Rc5+ Kd2 72. Rd5+ Ke2 73. Re5+ Kf2 0-1

[Event "BL2-Sued 0809"]
[Site "Germany"]
[Date "2009.02.01"]
[Round "6.1"]
[White "Wirig, Anthony"]
[Black "Lisanti, Andre"]
[Result "1-0"]
[WhiteElo "2455"]
[BlackElo "2250"]
[PlyCount "53"]
[EventDate "2008.10.05"]
[EventType "team-tourn"]
[EventRounds "9"]
[EventCountry "GER"]
[SourceTitle "CBM 129 Extra"]
[Source "ChessBase"]
[SourceDate "2009.05.05"]
[SourceVersion "2"]
[SourceVersionDate "2009.05.20"]
[SourceQuality "1"]
[WhiteTeam "Boeblingen"]
[BlackTeam "Schott Mainz"]
[WhiteTeamCountry "GER"]
[BlackTeamCountry "GER"]

1. d4 a5 2. e4 a4 3. Nf3 h5 4. Nc3 e6 5. a3 b6 6. Bb5 Nf6 7. Bg5 Be7 8. Qe2 Ra5 9. Bxf6 gxf6 10. Bxa4 Rg8 11. Bb3 Rxg2 12. 0-0-0 Bf8 13. Rdg1 Bh6+ 14. Kb1 Ba6 15. Qd1 Rxf2 16. Rg8+ Bf8 17. d5 Qe7 18. Nd4 h4 19. Qe1 Rf4 20. Qc1 Qd6 21. Re1 Qe5 22. Qe3 c6 23. Nf3 Rxf3 24. Qxf3 cxd5 25. Qf2 d4 26. Nd5 f5 27. Qxh4 1-0

[Event "BL2-Sued 0809"]
[Site "Germany"]
[Date "2008.12.14"]
[Round "4.1"]
[White "Lisanti, Andre"]
[Black "Gasthofer, Alexander"]
[Result "0-1"]
[WhiteElo "2250"]
[BlackElo "2450"]
[PlyCount "98"]
[EventDate "2008.10.05"]
[EventType "team-tourn"]
[EventRounds "9"]
[EventCountry "GER"]
[SourceTitle "CBM 129 Extra"]
[Source "ChessBase"]
[SourceDate "2009.05.05"]
[SourceVersion "2"]
[SourceVersionDate "2009.05.20"]
[SourceQuality "1"]
[WhiteTeam "Schott Mainz"]
[BlackTeam "Bad Mergentheim"]
[WhiteTeamCountry "GER"]
[BlackTeamCountry "GER"]

1. Nf3 d5 2. c4 c6 3. e3 Nf6 4. Nc3 g6 5. Qa4 Bg7 6. cxd5 Nxd5 7. Nxd5 Qxd5 8. Bc4 Qd6 9. Qb3 0-0 10. Ng5 e6 11. d4 b5 12. Be2 e5 13. dxe5 Qxe5 14. f4 Qe7 15. Bf3 h6 16. Ne4 Be6 17. Qc2 Na6 18. 0-0 Bc4 19. Rd1 Nb4 20. Qb1 Rad8 21. Bd2 Rfe8 22. a3 Bd3 23. Bxb4 Bxb1 24. Bxe7 Rxd1+ 25. Bxd1 Bxe4 26. Bc5 Bxb2 27. Ra2 Bc3 28. Bxa7 Ra8 29. Bc5 b4 30. a4 Bd5 31. Rc2 Bb3 32. Rc1 Bxa4 33. Bxb4 Bxb4 34. Ra1 Bxd1 35. Rxa8+ Kg7 36. e4 c5 37. Rb8 Bc3 38. e5 Bg4 39. Kf2 Bd4+ 40. Kg3 Bf5 41. Kf3 c4 42. g4 Bd3 43. Rd8 c3 44. Rxd4 c2 45. Rxd3 c1Q 46. h3 Qh1+ 47. Kg3 Qe4 48. Rf3 h5 49. Ra3 h4+ 0-1

[Event "BL2-West 0708"]
[Site "Germany"]
[Date "2008.01.20"]
[Round "5.2"]
[White "Lisanti, Andre"]
[Black "Zaragatski, Ilja"]
[Result "1-0"]
[WhiteElo "2262"]
[BlackElo "2471"]
[PlyCount "71"]
[EventDate "2007.10.21"]
[EventType "team-tourn"]
[EventRounds "9"]
[EventCountry "GER"]
[SourceTitle "EXT 2009"]
[Source "ChessBase"]
[SourceDate "2008.11.26"]
[SourceVersion "1"]
[SourceVersionDate "2008.11.26"]
[SourceQuality "1"]
[WhiteTeam "Schott Mainz"]
[BlackTeam "Bochum SG"]
[WhiteTeamCountry "GER"]
[BlackTeamCountry "GER"]

1. Nf3 d5 2. c4 dxc4 3. e3 Nc6 4. Bxc4 e5 5. Nc3 Bd6 6. a3 Nf6 7. b4 0-0 8. Qc2 Qe7 9. Ng5 g6 10. Bb2 a5 11. b5 Nd8 12. Nge4 Nxe4 13. Nd5 Qh4 14. Qxe4 Qxe4 15. Nf6+ Kg7 16. Nxe4 f6 17. Rc1 Bf5 18. d3 Bxe4 19. dxe4 Re8 20. Ke2 Ne6 21. Rhd1 Nc5 22. b6 Red8 23. bxc7 Bxc7 24. Bd5 Bd6 25. f4 Rac8 26. Kf3 b6 27. h4 h6 28. h5 g5 29. Kg4 exf4 30. Kf5 Be5 31. Bd4 fxe3 32. Bxe3 Bd6 33. Rb1 Na4 34. Be6 Rc3 35. Bd4 Rc5+ 36. Bxc5 1-0

[Event "FRA-chT2 East 0708"]
[Site "France"]
[Date "2007.12.16"]
[Round "4.2"]
[White "Lisanti, Andre"]
[Black "Varoquier, Romain"]
[Result "1/2-1/2"]
[WhiteElo "2262"]
[BlackElo "2071"]
[PlyCount "90"]
[EventDate "2007.10.21"]
[EventType "team"]
[EventRounds "11"]
[EventCountry "FRA"]
[SourceTitle "EXT 2009"]
[Source "ChessBase"]
[SourceDate "2008.11.26"]
[SourceVersion "1"]
[SourceVersionDate "2008.11.26"]
[SourceQuality "1"]
[WhiteTeam "Saverne"]
[BlackTeam "Reims"]
[WhiteTeamCountry "FRA"]
[BlackTeamCountry "FRA"]

1. Nf3 d5 2. c4 e6 3. e3 Nf6 4. b3 Be7 5. Bb2 Nbd7 6. g3 0-0 7. Bg2 Ne4 8. Qc2 Bf6 9. d4 c6 10. 0-0 Qc7 11. Ne1 b6 12. f3 Nd6 13. cxd5 exd5 14. Nc3 Qb8 15. Nd3 Re8 16. Rae1 Bb7 17. f4 Ba6 18. Ne5 Nxe5 19. dxe5 Bxf1 20. Kxf1 Be7 21. exd6 Qxd6 22. Qd3 Bf8 23. Qd4 Rad8 24. Re2 Qh6 25. Kg1 Qh5 26. Qd3 b5 27. Rc2 Bc5 28. Nd1 Bxe3+ 29. Nxe3 Rxe3 30. Qd4 f6 31. Qxe3 Qd1+ 32. Bf1 Qxc2 33. Qe6+ Kh8 34. Bxf6 Qg6 35. Bxg7+ Qxg7 36. Qxc6 Qd4+ 37. Kg2 b4 38. Bd3 Qb6 39. Qc2 Qb7 40. Qc5 Rc8 41. Qd4+ Kg8 42. f5 a5 43. f6 Rd8 44. Qe5 Qf7 45. Bb5 Rf8 1/2-1/2

[Event "Hessen-ch M"]
[Site "Erlensee"]
[Date "2007.04.07"]
[Round "8"]
[White "Alber, Horst"]
[Black "Lisanti, Andre"]
[Result "1-0"]
[WhiteElo "2400"]
[BlackElo "2304"]
[PlyCount "45"]
[EventDate "2007.03.31"]
[EventType "swiss"]
[EventRounds "9"]
[EventCountry "GER"]
[SourceTitle "CBM 117 Extra"]
[Source "ChessBase"]
[SourceDate "2007.05.09"]
[SourceVersion "1"]
[SourceVersionDate "2007.05.09"]
[SourceQuality "1"]

1. d4 Nf6 2. c4 g6 3. Nc3 Bg7 4. e4 0-0 5. Nf3 d6 6. Be2 e5 7. 0-0 Nc6 8. d5 Ne7 9. b4 a5 10. bxa5 c5 11. dxc6 bxc6 12. Qc2 d5 13. cxd5 cxd5 14. Ba3 dxe4 15. Nxe5 Rxa5 16. Rad1 Qc7 17. Bd6 Qa7 18. Nb5 Qb7 19. Bxe7 Rxb5 20. Bxf8 Rb2 21. Qc3 Bxf8 22. Rd8 Rxe2 23. Qc5 1-0

[Event "Hessen-ch M"]
[Site "Erlensee"]
[Date "2007.04.06"]
[Round "7"]
[White "Schlamp, Robert"]
[Black "Lisanti, Andre"]
[Result "1-0"]
[WhiteElo "2302"]
[BlackElo "2304"]
[PlyCount "31"]
[EventDate "2007.03.31"]
[EventType "swiss"]
[EventRounds "9"]
[EventCountry "GER"]
[SourceTitle "CBM 117 Extra"]
[Source "ChessBase"]
[SourceDate "2007.05.09"]
[SourceVersion "1"]
[SourceVersionDate "2007.05.09"]
[SourceQuality "1"]

1. e4 c5 2. d4 cxd4 3. c3 Nc6 4. cxd4 d5 5. exd5 Qxd5 6. Nf3 Bg4 7. Be2 e5 8. Nc3 Bb4 9. 0-0 Bxc3 10. bxc3 exd4 11. Nxd4 Bxe2 12. Qxe2+ Nce7 13. Ba3 f6 14. Bxe7 Nxe7 15. Rfe1 Qd7 16. Nf5 1-0